| 000 | 00946nam a22002417a 4500 | ||
|---|---|---|---|
| 999 |
_c23609 _d23609 |
||
| 003 | Nust | ||
| 005 | 20170519120518.0 | ||
| 008 | 131219b xxu||||| |||| 00| 0 eng d | ||
| 020 |
_a0975586009 _cAvailable |
||
| 040 |
_aDLC _bDLC _cRCMS |
||
| 082 | _a370.19 ANW | ||
| 100 |
_aDil Anwar _9360 |
||
| 245 |
_aIntercultural Education: reminisences of U.S international university _cDil,Anwar |
||
| 260 |
_aSan Diego: _bTakshila Research University _cc2004 |
||
| 300 |
_a423 p. : _bill. ; _c24 cm. |
||
| 500 | _a | ||
| 538 | _iShelf # 13, Row # 2, Fiction. | ||
| 650 |
_aIntercultureal education _9361 |
||
| 856 | _3Table of Content Only | ||
| 942 |
_2ddc _cFIC |
||